Curso de sociología
Saved in:
| Hovedforfatter: | |
|---|---|
| Format: | Bog |
| Sprog: | spansk |
| Udgivet: |
Santiago
Jurídica de Chile
1966
|
| Fag: | |
| Tags: |
Tilføj Tag
Ingen Tags, Vær først til at tagge denne postø!
|
MARC
| LEADER | 00000nam a2200000 a 4500 | ||
|---|---|---|---|
| 001 | UCR0142 | ||
| 003 | CL-VaPUC | ||
| 008 | 971129e19660000CL |||||||||||||||||spa|d | ||
| 082 | 0 | 4 | |a 301 |b AHU |2 21 |
| 100 | 0 | |a Ahumada Pacheco, Hermes |e author |9 395651 | |
| 245 | 1 | 0 | |a Curso de sociología |
| 246 | 1 | 0 | |a Curso dictado para el 1er año de Asistentes Sociales de la Universidad de Chile, 1966 |
| 300 | |a 161 p | ||
| 942 | |c BK | ||
| 945 | |d 19971129 00:00:00 |a cmena | ||
| 260 | |a Santiago |b Jurídica de Chile |c 1966 | ||
| 650 | 0 | |a Sociología |9 255410 | |
| 650 | 0 | |a Antropología cultural y social |9 265143 | |
| 650 | 0 | |a Investigación científica |9 259857 | |
| 650 | 7 | |a ESTRUCTURA SOCIAL |2 CL-VaPUC |9 395652 | |
| 650 | 0 | |a Naciones |9 337518 | |
| 650 | 0 | |a Comunidades |9 337024 | |
| 650 | 7 | |a NORMAS SOCIALES |2 CL-VaPUC |9 339732 | |
| 650 | 0 | |a Comportamiento social |9 334200 | |
| 650 | 0 | |a Adaptación social |9 336043 | |
| 650 | 0 | |a Sociología política |9 255920 | |
| 650 | 0 | |a Escuelas filosóficas |9 266232 | |
| 650 | 7 | |a MARXISMO |2 CL-VaPUC |9 395653 | |
| 650 | 0 | |a Positivismo |9 269460 | |
| 650 | 7 | |a NEOPOSITIVISMO |2 CL-VaPUC |9 346036 | |
| 583 | |a last modification |c 19971129 00:00:00 |k Rodrigo Vera | ||
| 999 | |c 263794 |d 263792 | ||
| 952 | |0 0 |1 0 |4 0 |6 301_000000000000000_AHU_1966 |7 0 |8 DER_TF |9 293266 |a BIBDER |b BIBDER |d 2019-11-19 |i 1907697 |l 1 |o 301 AHU 1966 |p 1907697 |r 2023-01-25 |s 2020-03-16 |w 2019-11-19 |x Ubicación 4to Piso |y BK |z Estos recursos deben solicitarse con anticipación |k DER | ||